Ekonomické aspekty zlepšovania kvality v stavebnom podniku diplomová práca

Gespeichert in:
Bibliographische Detailangaben
1. Verfasser: Babka, Gabriel
Körperschaft: Podnikovohospodárska fakulta EU so sídlom v Košiciach. Katedra kvantitatívnych metód
Weitere Verfasser: Tkáč, Michal, 1958-
Format: Buch
Sprache:Slowakisch
Veröffentlicht: Košice 2020
Tags: Tag hinzufügen
Keine Tags, Fügen Sie das erste Tag hinzu!

MARC

LEADER 00000nbm a2200000 4500
001 0265462
005 20201208132641.5
041 0 |a slo 
044 |a SK 
245 1 0 |a Ekonomické aspekty zlepšovania kvality v stavebnom podniku  |b diplomová práca  |c Gabriel Babka ; školiteľ: Michal Tkáč 
264 1 |a Košice  |c 2020 
300 |a 52 s. 
100 1 |a Babka, Gabriel 
700 1 |a Tkáč, Michal, 1958- 
710 2 |a Podnikovohospodárska fakulta EU so sídlom v Košiciach. Katedra kvantitatívnych metód